White-Haired Cartoon Characters Quiz Stats

 Plays Quiz Updated Feb 26, 2017

Support Sporcle.
Go Orange.
Score 0/20 Timer 05:00
1 Play Today
% Correct
Papa Smurf
91.2%
Ursula
89.2%
Grumpy
86.8%
The Fairy Godmother
84.1%
Bamm-Bamm Rubble
83%
Mad Hatter
82.2%
Zeus
80.2%
Judy Jetson
70.3%
Storm
60.7%
Carl Fredricksen
54.3%
% Correct
Geppetto
48.9%
Jack Frost
48.8%
Stinky Pete the Prospector
46.8%
Mermaid Man
44.3%
Kent Brockman
37.5%
Maurice
36.5%
Mayor
36%
Herbert
31.8%
Cotton Hill
25.4%
Professor Archimedes Q. Porter
11.8%

You're not logged in!

Compare scores with friends on all Sporcle quizzes.
OR
Log In
Forgot?

From the Vault

Country by Beer Bottle II

by NO_r_WAY

Instead of national flags we should have national beers.
Remove Ads.
Support Sporcle.
Get the best of Sporcle when you Go Orange. This ad-free experience offers more features, more stats, and more fun while also helping to support Sporcle. Thank you for becoming a member.

Show Comments

Extras

Top Quizzes Today


Score Distribution

Your Account Isn't Verified!

In order to create a playlist on Sporcle, you need to verify the email address you used during registration. Go to your Sporcle Settings to finish the process.

Report this User

Report this user for behavior that violates our Community Guidelines.

Details: